000 00266nam a22001217a 4500
008 181022b xxu||||| |||| 00| 0 eng d
041 _aeng
080 _a321
100 _a26
101 _aPOL
245 _aSouth African Politics
_cLeonard.TH
942 _2udc
_cBK
999 _c50410
_d50410